2013 Miradas sobre la educación en Iberoamérica. Desarrollo profesional docente y mejora de la educación (Record no. 11093)

MARC details
000 -LEADER
campo de control de longitud fija 00494nam a2200157Ia 4500
001 - NÚMERO DE CONTROL
campo de control 3893
008 - DATOS DE LONGITUD FIJA--INFORMACIÓN GENERAL
campo de control de longitud fija 241024s9999 xx 000 0 und d
020 ## - NÚMERO INTERNACIONAL ESTÁNDAR DEL LIBRO
Número Internacional Estándar del Libro 978-84-7666-666-1
082 ## - NÚMERO DE LA CLASIFICACIÓN DECIMAL DEWEY
Número de clasificación 370.1/OE28m/2013
100 ## - ENTRADA PRINCIPAL--NOMBRE DE PERSONA
Nombre de persona Organización de Estados Iberamericanos OEI
245 #0 - MENCIÓN DEL TÍTULO
Título 2013 Miradas sobre la educación en Iberoamérica. Desarrollo profesional docente y mejora de la educación
260 ## - PUBLICACIÓN, DISTRIBUCIÓN, ETC.
Nombre del editor, distribuidor, etc. Madrid, España
Fecha de publicación, distribución, etc. 2013
590 ## - NOTA LOCAL (RLIN)
Nota local si
901 ## - ELEMENTOS DE DATOS A LOCAL LDA (RLIN)
a 28/1/2015 10:49:16 a.m.

No items available.

© 2024. Todos los Derechos Reservados. Desarrollado por IDEICE